| 000 | 00608nam a2200205 a 4500 | ||
|---|---|---|---|
| 008 | |||
| 049 | _aMAIN | ||
| 090 | _aHG221 WEI | ||
| 100 | _aWeintraub, Robert E. | ||
| 245 | 0 |
_aIntroduction to monetary economics : _bmoney,banking and economic activity / _cRobert E. Weintraub. |
|
| 260 |
_aNew York: _bThe Ronald Press Company/ _c1970. |
||
| 300 |
_ax, 444 p.; _c24 cm. |
||
| 500 | _aIncludes index. | ||
| 650 | _aEconomics. | ||
| 907 |
_a.b10109110 _b09-04-08 _c04-02-04 |
||
| 003 | |||
| 005 | 20230123133616.0 | ||
| 040 | _cNUST | ||
| 942 |
_cBOOKS _kHG221 WEI |
||
| 999 |
_c151548 _d151548 |
||